[Event "Bundesliga 1999-2000"]
[Site "Luebeck GER"]
[Date "2000.02.20"]
[Round "11"]
[White "Shirov,A"]
[Black "Onischuk,Al"]
[Result "1/2-1/2"]
[WhiteElo "2751"]
[BlackElo "2637"]

1.e4 e5 2.Nf3 Nc6 3.Bb5 a6 4.Ba4 Nf6 5.O-O Bc5 6.c3 b5 7.Bc2 d5 8.d4 dxe4
9.Nxe5 Nxe5 10.dxe5 Qxd1 11.Rxd1 Ng4 12.Bxe4 Nxf2 13.Bc6+ Ke7 14.Rd5 Bb6
15.Bxa8 Nd3+ 16.Kf1 Nxc1 17.Na3 Be6 18.Rxc1 Rxa8 19.Rd3 Bf5 20.Rdd1 Be3 21.Ra1 Bf4
22.g3 Bxe5 23.Rd2 Rd8 24.Ke2 Bg4+ 25.Ke3 Bd6 26.Nc2 f5 27.Nd4 Rf8 28.Rf1 g5
29.Rdf2 f4+ 30.gxf4 Bxf4+ 31.Rxf4 gxf4+ 32.Rxf4 Rg8 33.Nc6+ Ke6 34.Nb4 a5
35.Nc6 b4 36.cxb4 axb4 37.Nxb4 c5 38.Nd3 Kd5 39.Re4 Kd6 40.Rc4 Re8+ 41.Re4 Rg8
42.Rc4 Re8+ 43.Kf4 Be2 44.Rc3 Rf8+ 45.Ke3 Bxd3 46.Rxd3+ Ke5 47.b3 Rf6 48.h3 Rg6
49.Kf3 Rf6+ 50.Kg4 Rf2 51.a4 Rc2 52.Kg5 c4 53.bxc4 Rxc4 54.a5 Rc6 55.Re3+ Kd4
56.Rf3 Rg6+ 57.Kh5 Ke4 58.Rb3 Ra6 59.Rb5 Kf4 60.h4 Rd6 61.Rb4+ Kf5 62.Rb6 Rd7
63.a6 Ra7 64.Kh6 Kg4 65.h5 Kf5 66.Rb5+ Kf4 67.Rb4+ Ke5 68.Ra4 Kf5 69.Ra2 Kg4
70.Ra1 Kf4 71.Rf1+ Ke5 72.Rf2 Rxa6+ 73.Kxh7 Ra1 74.Kg7 Rg1+ 75.Kf7 Rh1 76.Ra2 Rf1+
77.Ke7 Kf5 78.Rh2 Ra1  1/2-1/2

[Event "Bundesliga 1999-2000"]
[Site "Magdeburg GER"]
[Date "2000.03.12"]
[Round "12"]
[White "Lutz,C"]
[Black "Onischuk,Al"]
[Result "1/2-1/2"]
[WhiteElo "2587"]
[BlackElo "2637"]

1.e4 e5 2.Nf3 Nc6 3.Bb5 a6 4.Ba4 Nf6 5.O-O Bc5 6.c3 b5 7.Bb3 d6 8.a4 Bg4
9.h3 Bh5 10.d3 O-O 11.Bg5 Rb8 12.axb5 axb5 13.g4 Bg6 14.Nh4 Kh8 15.Qf3 h6
16.Bxf6 Qxf6 17.Qxf6 gxf6 18.Nd2 Ne7 19.Rfd1 Rfd8 20.Bc2 d5 21.Kf1 b4 22.Nb3 Bd6
23.c4 dxc4 24.dxc4 Nc6 25.Nf3 Be7 26.Rd5 Kg7 27.Ra6 Rb6 28.Rxb6 cxb6 29.Rb5 Rb8
30.Ne1 Na7 31.Rd5 Nc6 32.Rb5 Na7 33.Rd5 Nc6 34.f3 Nd8 35.Rb5 Ne6 36.c5 Nxc5
37.Nxc5 Bxc5 38.Nd3 Bd4 39.Rxb4 h5 40.Bb3 Rd8 41.Rc4 Kh6 42.Rc7  1/2-1/2

[Event "Bundesliga 1999-2000"]
[Site "Neukoelln GER"]
[Date "2000.04.09"]
[Round "15"]
[White "Onischuk,Al"]
[Black "Dautov,R"]
[Result "1/2-1/2"]
[WhiteElo "2637"]
[BlackElo "2602"]

1.d4 Nf6 2.Nf3 e6 3.c4 b6 4.Nc3 Bb7 5.Bg5 Be7 6.e3 h6 7.Bh4 O-O 8.Bd3 c5
9.O-O d6 10.a3 Nbd7 11.b4 d5 12.cxd5 Nxd5 13.Bxe7 Qxe7 14.Nxd5 Bxd5 15.e4  1/2-1/2

[Event "zt 1.9"]
[Site "Ordzhonikidze UKR"]
[Date "2000.06.10"]
[Round "2"]
[White "Onischuk,Al"]
[Black "Sulypa,A"]
[Result "1-0"]
[WhiteElo "2637"]
[BlackElo "2449"]

1.c4 e5 2.Nc3 Nf6 3.Nf3 Nc6 4.e3 Bb4 5.Qc2 Bxc3 6.Qxc3 Qe7 7.a3 d5 8.cxd5 Nxd5
9.Qb3 Nb6 10.d3 a5 11.Bd2 a4 12.Qb5 O-O 13.Rc1 Rd8 14.Qc5 Qe8 15.Be2 Bf5
16.e4 Bg4 17.Bc3 f6 18.O-O Bxf3 19.Bxf3 Rxd3 20.Be2 Rd6 21.f4 exf4 22.Rxf4 Rad8
23.Rcf1 R8d7 24.Bb5 h6 25.e5 Rd5 26.Qf2 Rxb5 27.exf6 Rf7 28.fxg7 Nd8 29.Re1 Qd7
30.Rfe4  1-0

[Event "zt 1.9"]
[Site "Ordzhonikidze UKR"]
[Date "2000.06.11"]
[Round "3"]
[White "Zubov,A UKR"]
[Black "Onischuk,Al"]
[Result "1/2-1/2"]
[WhiteElo "2482"]
[BlackElo "2637"]

1.e4 e5 2.Nf3 Nc6 3.Bb5 Nf6 4.d3 d6 5.O-O Be7 6.c3 O-O 7.Re1 Bg4 8.Nbd2 a6
9.Ba4 Nd7 10.h3 Be6 11.Nf1 b5 12.Bc2 Nb6 13.Ng3 Qd7 14.d4 exd4 15.cxd4 d5
16.e5 f5 17.exf6 Bxf6 18.Bf4 Rae8 19.Rc1 g6 20.b3 Bg7 21.Qd2 Nc8 22.Bb1 Nd6
23.Ne5 Nxe5 24.Bxe5 Bxe5 25.dxe5 Nb7 26.f4 Kh8 27.f5 gxf5 28.Nh5 Rc8 29.Rc3 c5
30.Rg3 Qf7 31.Nf6 c4 32.Qh6 d4 33.bxc4 bxc4 34.Rg5 d3 35.Rh5 Rc7 36.Re3 f4
37.Rf3 Nc5 38.Rxf4 Qg7 39.Rfh4 Qxh6 40.Rxh6 Rxf6 41.exf6 c3 42.f7 Bxf7 43.Rxh7+ Kg8
44.Rxf7 Rxf7 45.Rc4 Rb7 46.Bxd3 Nxd3 47.Rxc3 Rd7 48.Ra3 Rd6 49.Kh2 Kf7 50.g4 Kf6
51.Kg3 Ke5 52.Ra5+ Ke4 53.h4 Ne5 54.Ra4+ Kd5 55.h5 Ke6 56.Kf4 Nd3+ 57.Kg5 Kf7
58.Ra5 Kg7 59.Kf5 Rf6+ 60.Kg5 Rd6 61.Kh4 Nf4 62.g5 Rd4 63.Rxa6 Ne6+ 64.Kg3 Nxg5  1/2-1/2

[Event "zt 1.9"]
[Site "Ordzhonikidze UKR"]
[Date "2000.06.14"]
[Round "6"]
[White "Onischuk,Al"]
[Black "Romanishin,O"]
[Result "1-0"]
[WhiteElo "2637"]
[BlackElo "2578"]

1.d4 Nf6 2.c4 g6 3.Nc3 d5 4.Nf3 Bg7 5.Qb3 dxc4 6.Qxc4 O-O 7.e4 c6 8.Be2 b5
9.Qb3 Qa5 10.e5 b4 11.Qa4 Qxa4 12.Nxa4 Nd5 13.Bd2 Ba6 14.Rc1 Rc8 15.Nc5 Bb5
16.a4 bxa3 17.bxa3 Nb6 18.Ng5 h6 19.Nge4 N8d7 20.f4 Nxc5 21.Rxc5 Nd7 22.Rc1 f5
23.Nc5 Nxc5 24.Rxc5 Rab8 25.Kf2 e6 26.Bxb5 Rxb5 27.Rhc1 Rxc5 28.Rxc5 Bf8
29.Ra5 c5 30.Ra6 cxd4 31.Rxe6 Bxa3 32.Rxg6+ Kh7 33.Ra6 Bc5 34.Ke2 Bb6 35.Kd3 Rc5
36.Ra2 Rb5 37.Rc2 Rb3+ 38.Kc4 Rb1 39.Bb4 Kg6 40.Bc5 Bxc5 41.Kxc5 Rd1 42.Ra2 d3
43.Kd4 a5 44.Ke3 Re1+ 45.Kxd3 Re4 46.g3 a4 47.Rb2 h5 48.Rb6+ Kg7 49.h4 Re1
50.Rb7+ Kg6 51.Ra7 Re4 52.Ra6+ Kg7 53.Rf6 Rb4 54.Rxf5 a3 55.e6 Rb3+ 56.Ke4 Rb4+
57.Kf3 Rb3+ 58.Kg2 Rb2+ 59.Kf3 a2 60.Rf7+ Kh6 61.Ra7 Kg6 62.e7 Rb3+ 63.Kf2 Rb2+
64.Ke3 Rb3+ 65.Kd4 Kf7 66.Rxa2 Kxe7 67.Re2+ Kf6 68.Re3 Rb4+ 69.Kd3 Ra4 70.Ke2 Ra5
71.Kf3 Kf5 72.Rb3 Rc5 73.Ra3 Rb5 74.Ra6 Rb3+ 75.Kg2 Rb2+ 76.Kh3 Rb7 77.Ra5+ Kg6
78.f5+ Kh6 79.Kg2 Rb6 80.Kf3 Rb3+ 81.Kf4 Rb4+ 82.Ke5 Rb3 83.Ra6+ Kh7 84.Rg6 Re3+
85.Kf4 Ra3 86.Re6 Ra4+ 87.Re4 Ra7 88.Re3 Rg7 89.f6 Rg4+ 90.Kf5 Ra4 91.Re5 Kh6
92.f7 Kg7 93.f8=Q+ Kxf8 94.Kg6 Ra3 95.Rg5 Ke7 96.Kxh5 Kf6 97.g4 Ra8 98.Rg6+ Kf7
99.Rb6 Rh8+ 100.Kg5 Rg8+ 101.Kf5 Ra8 102.Rb7+ Kg8 103.Kg5 Ra5+ 104.Kh6 Ra6+
105.Kh5 Kh8 106.g5 Ra4 107.Kh6 Ra8 108.g6 Kg8 109.h5 Rc8 110.Rg7+ Kh8 111.Rf7 Kg8
112.Kg5 Rc1 113.Rf4 Rg1+ 114.Kf6 Rc1  1-0

[Event "zt 1.9"]
[Site "Ordzhonikidze UKR"]
[Date "2000.06.16"]
[Round "8"]
[White "Onischuk,Al"]
[Black "Eingorn,V"]
[Result "1/2-1/2"]
[WhiteElo "2637"]
[BlackElo "2597"]

1.d4 e6 2.c4 Bb4+ 3.Bd2 a5 4.Nf3 d6 5.g3 Nd7 6.Bg2 e5 7.Qa4 Bxd2+ 8.Nbxd2 exd4
9.Nxd4 Nf6 10.O-O O-O 11.Qc2 Re8 12.Rfe1 Nc5 13.Rad1 c6 14.N4b3  1/2-1/2

[Event "zt 1.9"]
[Site "Ordzhonikidze UKR"]
[Date "2000.06.17"]
[Round "9"]
[White "Ovsejevitsch,S"]
[Black "Onischuk,Al"]
[Result "0-1"]
[WhiteElo "2526"]
[BlackElo "2637"]

1.d4 f5 2.g3 Nf6 3.Bg2 d6 4.c4 g6 5.Nc3 Bg7 6.Nh3 O-O 7.d5 Nbd7 8.O-O Ne5
9.b3 c5 10.Bd2 Bd7 11.Qc2 a6 12.a4 Rb8 13.Nf4 Qe8 14.Rae1 Qf7 15.Nd3 Nxd3
16.Qxd3 b5 17.axb5 axb5 18.Nxb5 Bxb5 19.cxb5 Qe8 20.b4 cxb4 21.Rb1 Rxb5 22.Bxb4 Qd7
23.Bc3 Rxb1 24.Rxb1 Ng4 25.Bxg7 Kxg7 26.Qd4+ Nf6 27.h4 Ra8 28.Bf3 Ra4 29.Rb4 Rxb4
30.Qxb4 Qa7 31.Qd2 Qa1+ 32.Kg2 h6 33.Qf4 Qe5 34.e3 h5 35.Qc4 Kf7 36.Qd3 Nd7
37.Qd2 Nc5 38.Qc2 Kf6 39.Qd2 Kg7 40.Qc2 Kf7 41.Qd2 Qa1 42.Qc2 Qe5 43.Qd2 Kf6
44.Qc2 Ne4 45.Qd3 Nc3 46.Qc4 Kg7 47.Qd3 Kf7 48.Qc4 Ne4 49.Qd3 Kf6 50.Qc4 Kg7
51.Qd3 Kf7 52.Qc4 Qc3 53.Qe2 Nf6 54.Qa6 Qc2 55.Qb7 Qc4 56.Kg1 Qa2 57.Kg2 Qa4
58.Kg1 Nd7 59.Qb1 Qc4 60.e4 Qc3 61.Bg2 f4 62.gxf4 Qf6 63.Qd3 Qxf4 64.Qg3 Qc1+
65.Kh2 Ne5 66.Bh3 Qd2 67.Kg2 Kf6 68.Be6 Nd3 69.Bd7 g5 70.hxg5+ Qxg5 71.Bf5 h4
72.Qxg5+ Kxg5 73.Kf3 Ne5+ 74.Ke3 Ng4+ 75.Kf3 h3 76.Bxg4 h2 77.Kg2 Kxg4 78.e5 dxe5
79.Kxh2 Kf3 80.Kg1 e4  0-1

[Event "6th Tan Chin Nam Cup"]
[Site "Beijing CHN"]
[Date "2000.07.10"]
[Round "2"]
[White "Onischuk,Al"]
[Black "Ye Jiangchuan"]
[Result "1/2-1/2"]
[WhiteElo "2627"]
[BlackElo "2670"]

1.d4 Nf6 2.c4 g6 3.Nc3 Bg7 4.Nf3 O-O 5.e4 d6 6.Be2 e5 7.Be3 Na6 8.O-O Ng4
9.Bg5 Qe8 10.dxe5 dxe5 11.Nd2 h6 12.Bh4 Nf6 13.Nd5 g5 14.Bg3 c6 15.Ne3 Nc5
16.Qc2 a5 17.Rad1 Qe7 18.Rfe1 Re8 19.f3 Qc7 20.Bf2 Bf8 21.Ndf1 Nh5 22.Ng3 Nxg3
23.hxg3 Be6  1/2-1/2

[Event "6th Tan Chin Nam Cup"]
[Site "Beijing CHN"]
[Date "2000.07.17"]
[Round "9"]
[White "Onischuk,Al"]
[Black "Adianto,U"]
[Result "1-0"]
[WhiteElo "2627"]
[BlackElo "2583"]

1.c4 e5 2.Nc3 Bb4 3.Qc2 Nf6 4.Nf3 Nc6 5.Nd5 a5 6.g3 O-O 7.Bg2 d6 8.O-O Re8
9.Ng5 g6 10.Nxf6+ Qxf6 11.Ne4 Qe7 12.d3 Nd4 13.Qd1 Ne6 14.a3 Bc5 15.Nxc5 dxc5
16.b3 Ra6 17.Bb2 Qd6 18.e3 Rd8 19.Qc1 Rb6 20.Qc3 f6 21.Rad1 Ng7 22.f4 Bg4
23.Bd5+ Kh8 24.fxe5 fxe5 25.Qxe5 Qxe5 26.Bxe5 Bxd1 27.Bxc7 Be2 28.Bxd8 Bxf1
29.Bxb6 Bxd3 30.Bxc5  1-0

[Event "XVI ECC"]
[Site "Neum BIH"]
[Date "2000.09.24"]
[Round "1"]
[White "Kishnev,S"]
[Black "Onischuk,Al"]
[Result "1-0"]
[WhiteElo "2495"]
[BlackElo "2627"]

1.d4 f5 2.g3 Nf6 3.Bg2 d6 4.Bg5 e6 5.Nd2 h6 6.Bxf6 Qxf6 7.e4 Nc6 8.c3 Be7
9.exf5 exf5 10.Ne2 g5 11.f4 Bd7 12.d5 Nd8 13.Qb3 c5 14.dxc6 bxc6 15.O-O Ne6
16.Qb7 Rc8 17.Qxa7 g4 18.Nd4 Nxd4 19.cxd4 Be6 20.Rae1 Kf7 21.Rf2 Ra8 22.Qb6 Rhb8
23.Qxc6 Qxd4 24.Nb3 Rxb3 25.axb3 Rc8 26.Qa4 Qb6 27.Kf1 Rc7 28.Rd2 Ra7 29.Qd4 Qxd4
30.Rxd4 Ra5 31.b4 Rb5 32.Bc6 Bf6 33.Be8+ Kxe8 34.Rxe6+ Kf7 35.Rdxd6 Bxb2
36.Rb6 Rd5 37.Red6  1-0

[Event "Gp B"]
[Site "Cap d'Agde FRA"]
[Date "2000.10.29"]
[Round "1"]
[White "Dorfman,J"]
[Black "Onischuk,Al"]
[Result "1-0"]
[WhiteElo "2600"]
[BlackElo "2627"]

1.d4 Nf6 2.c4 e6 3.g3 d5 4.Nf3 Be7 5.Bg2 O-O 6.O-O dxc4 7.Qc2 a6 8.a4 Bd7
9.Qxc4 Bc6 10.Bg5 Bd5 11.Qc2 Be4 12.Qc1 Nc6 13.Nbd2 Nxd4 14.Nxd4 Bxg2 15.Nxe6 fxe6
16.Kxg2 Qd5+ 17.Nf3 Qe4 18.Qe3 Qxe3 19.Bxe3 Nd5 20.Bd2 Rfd8 21.Rfc1 c6 22.Rc4 Bf6
23.e4 Nc7 24.Bf4 Ne8 25.Rb4 b5 26.axb5 axb5 27.Rc1 Ra6 28.Rb3 h6 29.h4 Kf7
30.g4 Ra4 31.g5 hxg5 32.Nxg5+ Bxg5 33.Bxg5 Rc8 34.f3 Nd6 35.Rd3 Nc4 36.Rd7+ Kg8
37.b3 Ra2+ 38.Kg3 Ne5 39.Rd6 c5 40.Bf4 Ng6 41.Be3 c4 42.Rxe6 Nf8 43.Re7 Ra6
44.h5 Ne6 45.Rb7 Rd6 46.bxc4 bxc4 47.Rb6 Rd3 48.Kf2 Kf7 49.Rb7+ Ke8 50.Rb4 c3
51.Ke2 Rd7 52.Rc2 Kf7 53.f4 Rh8 54.f5 Nf8 55.h6 g6 56.Rxc3 gxf5 57.exf5 Nh7
58.Rg4 Rg8 59.Rxg8 Kxg8 60.Kf3 Kf7 61.Rc4 Nf6 62.Bg5 Nh7 63.Bh4 Rd1 64.Rc7+ Kg8
65.Rg7+ Kh8 66.Rg2 Rd6 67.Bg3 Rxh6 68.Be5+ Nf6 69.Ra2 Kh7 70.Ra7+ Kg8 71.Kf4 Rh7
72.Ra8+ Kf7 73.Bxf6 Kxf6 74.Ra6+ Kg7 75.Ra7+ Kg8 76.Rxh7 Kxh7 77.Ke5 Kg7
78.Ke6 Kf8 79.Kf6  1-0

[Event "Gp B"]
[Site "Cap d'Agde FRA"]
[Date "2000.10.30"]
[Round "3"]
[White "Nisipeanu,LD"]
[Black "Onischuk,Al"]
[Result "0-1"]
[WhiteElo "2592"]
[BlackElo "2627"]

1.e4 e5 2.Nf3 Nc6 3.Bb5 a6 4.Ba4 Nf6 5.O-O Bc5 6.Bxc6 dxc6 7.d3 Qe7 8.Nbd2 Bg4
9.Nc4 Nd7 10.Be3 f6 11.Bxc5 Nxc5 12.Ne3 Bh5 13.Nf5 Qd7 14.Ng3 Bxf3 15.Qxf3 Ne6
16.Qe3 c5 17.Ne2 Nd4 18.Nxd4 cxd4 19.Qd2 g5 20.a4 h5 21.f3 b6 22.Qb4 Qd6
23.Qxd6 cxd6 24.c4 Kd7 25.b4 a5 26.Rfb1 Kc6 27.b5+ Kc5 28.Kf2 Raf8 29.Ke2 f5
30.exf5 Rxf5 31.Rf1 Rhf8 32.Rab1 g4 33.Rf2 gxf3+ 34.Rxf3 Rxf3 35.gxf3 Rg8
36.f4 exf4 37.Kf3 Re8 38.Kxf4 Re3 39.Rg1 Rxd3 40.Rg5+ Kxc4 41.Rxh5 Rd1 42.Rh6 Rf1+
43.Kg4 Kc5 44.Rh3 d5  0-1

[Event "Open de Corse"]
[Site "Bastia FRA"]
[Date "2000.11.02"]
[Round "2"]
[White "Onischuk,Al"]
[Black "Kogan,A"]
[Result "1-0"]
[WhiteElo "2627"]
[BlackElo "2504"]

1.c4 g6 2.Nf3 Bg7 3.Nc3 d6 4.d4 Nd7 5.e4 e5 6.Be3 Nh6 7.dxe5 dxe5 8.h3 f6
9.c5 c6 10.Bc4 Qe7 11.b4 b5 12.Bb3 a5 13.a3 Nf7 14.O-O O-O 15.Qe2 Kh8 16.Rad1 f5
17.exf5 gxf5 18.Rfe1 e4 19.Nd4 Nde5 20.Bf4 Bd7 21.f3 Qh4 22.g3 Qxh3 23.fxe4 axb4
24.axb4 fxe4 25.Qxe4 Rae8 26.Qg2 Qh5 27.Qh1 Qxh1+ 28.Kxh1 Bg4 29.Rc1 Nd8
30.Re3 Ng6 31.Rce1 Rxe3 32.Bxe3 Re8 33.Bd1 Bxd4 34.Bxd4+ Ne5 35.Rxe5 Kg8
36.Bxg4 Rxe5 37.Bxe5  1-0

[Event "Open de Corse"]
[Site "Bastia FRA"]
[Date "2000.11.02"]
[Round "3"]
[White "Djuric,S"]
[Black "Onischuk,Al"]
[Result "1-0"]
[WhiteElo "2472"]
[BlackElo "2627"]

1.e4 e5 2.Nf3 Nc6 3.Bb5 a6 4.Ba4 Nf6 5.d4 exd4 6.O-O Be7 7.Re1 b5 8.e5 Nxe5
9.Rxe5 bxa4 10.Nxd4 O-O 11.Bg5 d6 12.Nc6 dxe5 13.Nxd8 Rxd8 14.Qe2 Rb8 15.Nd2 h6
16.Bh4 Be6 17.b3 a3 18.Ne4 Rd4 19.Bxf6 gxf6 20.c3 Rd7 21.g4 Rbd8 22.Kg2 a5
23.Re1 Rd3 24.h3 Kh7 25.c4 R8d4 26.Rc1 f5 27.gxf5 Bxf5 28.Ng3 Bg6 29.c5 e4
30.Rc4 Rxc4 31.bxc4 f5 32.Qe1 Bxc5 33.Qxa5 Bb6 34.Qe5 Bd4 35.Qxc7+ Kg8 36.Qc8+ Kf7
37.Nxf5 Be5 38.Nxh6+ Kg7 39.Ng4 Bf4 40.Qb7+ Kf8 41.c5 Rc3 42.Qc8+ Ke7 43.c6 Be8
44.Qb7+ Kd8 45.Qb6+ Kc8 46.Qa6+ Kc7 47.Qa5+ Kxc6 48.Qxc3+ Kd5 49.Nf6+  1-0

[Event "Open de Corse"]
[Site "Bastia FRA"]
[Date "2000.11.03"]
[Round "4"]
[White "Onischuk,Al"]
[Black "Drazic,S"]
[Result "1/2-1/2"]
[WhiteElo "2627"]
[BlackElo "2508"]

1.d4 d5 2.c4 c6 3.Nf3 Nf6 4.e3 Bf5 5.Nc3 e6 6.Nh4 Bg4 7.Qb3 Qb6 8.h3 Bh5
9.c5 Qc7 10.g4 Bg6 11.Nxg6 hxg6 12.Bg2 Nbd7 13.Bd2 Be7 14.f4 b6 15.cxb6 Qxb6
16.g5 Nh5 17.Kf2 O-O 18.Qxb6 axb6 19.Bf3 b5 20.a4 bxa4 21.Nxa4 Rfb8 22.Rhc1 Bb4
23.Bc3 Bxc3 24.bxc3 Ra5 25.Bd1 f6 26.Rcb1 Rab5 27.Rxb5 Rxb5 28.Bc2 Kf7 29.h4 f5
30.Bd3 Rb3 31.Bc2 Rb5 32.Rb1 Rxb1 33.Bxb1 Ke7 34.Bd3 Kd6 35.c4 Kc7 36.c5 Kb7
37.Bf1 Kc7 38.Ba6 Nb8 39.Be2 Nd7 40.Nb2 Kb7 41.Nd3 Kc7 42.Nb4 Kb7 43.Na2 Kc7
44.Nc3 Kb7 45.Bd3 Kc7 46.Ne2 Kb7 47.Ke1 Nb8 48.Kd2 Nd7 49.Kc3 Nb8 50.Kb4 Kc7
51.Ka5 Kb7 52.Bb1 Kc7 53.Bc2 Kb7 54.Bd3 Kc7 55.Kb4 Kb7 56.Kc3 Kc7 57.Kd2 Kb7
58.Ke1 Kc7 59.Kf2 Kb7 60.Ng1 Nd7 61.Nf3 Kc7 62.Nd2 Kb7 63.Nf1 Kc7 64.Ba6 Nf8
65.Kg2 Kd8 66.Kh3 Kc7 67.Be2 Kd8 68.Nd2 Kc7 69.Nf3 Nd7 70.Ne1 Nf8 71.Nd3 Nd7
72.Bd1 Kb7 73.Ba4 Kc7 74.Nb4 Nb8 75.Kg2 Kb7 76.Bd1 Kc7 77.Be2 Nd7 78.Na2 Kb7
79.Nc3 Kc7 80.Kf2 Nf8 81.Bf3 Kd7 82.Ne2 Kd8 83.Ke1 Kd7 84.Kd2 Kc7 85.Kc3 Kb7
86.Kb4 Nd7 87.Ka5 Ka7 88.Bxh5 gxh5 89.Ng3 g6 90.Nf1 Kb7 91.Nd2 Ka7 92.Nf3 Kb7
93.Ne1 Ka7 94.Nd3 Kb7 95.Kb4 Ka6 96.Ka4 Kb7 97.Ka5 Ka7 98.Nb4 Nb8 99.Na2 Nd7
100.Nc3 Kb7 101.Kb4 Ka6 102.Ka4 Ka7 103.Nb1 Ka6 104.Kb4 Nb8 105.Nd2 Kb7 106.Ka5 Nd7
107.Nb1 Nb8 108.Nc3 Nd7 109.Na4 Ka7 110.Kb4 Ka6 111.Nb2 Nb8 112.Ka4 Ka7 113.Ka5 Kb7
114.Nd1 Nd7 115.Nc3 Ka7 116.Na4 Kb7 117.Nb6 Nb8 118.Ka4 Kc7 119.Kb4 Kb7 120.Ka5 Kc7
121.Na4 Kb7 122.Nb2 Nd7 123.Nd3 Ka7 124.Nb4 Nb8 125.Na2 Kb7 126.Nc1 Nd7 127.Nd3 Ka7
128.Nc1 Kb7 129.Ne2 Nb8 130.Nc3 Nd7 131.Na4 Ka7  1/2-1/2

[Event "Open de Corse"]
[Site "Bastia FRA"]
[Date "2000.11.03"]
[Round "7"]
[White "Onischuk,Al"]
[Black "Anand,V"]
[Result "1/2-1/2"]
[WhiteElo "2627"]
[BlackElo "2762"]

1.d4 Nf6 2.c4 e6 3.Nc3 Bb4 4.Qc2 d5 5.cxd5 Qxd5 6.e3 c5 7.Bd2 Bxc3 8.Bxc3 cxd4
9.Bxd4 Nc6 10.Bc3 O-O 11.Nf3 Rd8 12.Be2 Qe4 13.Rc1 Qxc2 14.Rxc2 Nd5 15.O-O Nxc3
16.Rxc3  1/2-1/2

[Event "Corsica Masters"]
[Site "Bastia FRA"]
[Date "2000.11.05"]
[Round "1.2"]
[White "Onischuk,Al"]
[Black "Lupu,MS"]
[Result "1-0"]
[WhiteElo "2627"]
[BlackElo "2443"]

1.c4 g6 2.Nf3 Bg7 3.d4 d6 4.Nc3 Bg4 5.e3 c6 6.Be2 Nf6 7.h3 Bc8 8.e4 O-O 9.Be3 Nbd7
10.O-O e5 11.d5 c5 12.Nd2 Kh8 13.a3 Ng8 14.Qc2 Bh6 15.Nd1 a6 16.b4 Bxe3 17.Nxe3 Qg5
18.Qc3 Ngf6 19.g3 Kg8 20.h4 Qh6 21.Kg2 b6 22.Rab1 Ra7 23.Rh1 Nh5 24.Bxh5 Qxh5
25.g4 Qh6 26.g5 Qg7 27.Ng4 f5 28.Nh6+ Kh8 29.Rhe1 Nf6 30.bxc5 bxc5 31.Rb6 Ng4
32.Rxd6 Nxh6 33.gxh6 Qxh6 34.Qxe5+ Rg7 35.Nf3 Qh5 36.Qf4 Kg8 37.e5 h6 38.e6 g5
39.hxg5 hxg5 40.Qh2 Qg4+ 41.Qg3 Qxc4 42.e7 Re8 43.Rd8 Qa4 44.Rxe8+ Qxe8 45.Qc7  1-0

[Event "Corsica Masters"]
[Site "Bastia FRA"]
[Date "2000.11.05"]
[Round "1.1"]
[White "Lupu,MS"]
[Black "Onischuk,Al"]
[Result "1-0"]
[WhiteElo "2443"]
[BlackElo "2627"]

1.Nf3 f5 2.g3 Nf6 3.Bg2 d6 4.d4 g6 5.c3 Bg7 6.Qb3 Nc6 7.Bg5 e6 8.O-O h6 9.Bxf6 Qxf6
10.Nbd2 O-O 11.e4 Kh7 12.Rfe1 e5 13.exf5 gxf5 14.d5 Ne7 15.Nh4 c6 16.Rad1 cxd5
17.Bxd5 Nxd5 18.Qxd5 Rd8 19.Ndf3 Be6 20.Qxb7 Rab8 21.Qxa7 Rxb2 22.a4 Ra2
23.a5 Bb3 24.Rb1 Bd5 25.Qc7 Ra8 26.Rb6 R2xa5 27.Rxd6 Be6 28.Qc6 R8a6 29.Qxa6 Rxa6
30.Rxa6 Qe7 31.Nxe5 Bc8 32.Rc6 Bb7 33.Nxf5 Qd8 34.Rd6 Qg5 35.Nxg7  1-0

[Event "Bundesliga 2000-1"]
[Site "Magdeburg GER"]
[Date "2000.12.09"]
[Round "3"]
[White "Rabiega,R"]
[Black "Onischuk,Al"]
[Result "1/2-1/2"]
[WhiteElo "2487"]
[BlackElo "2627"]

1.e4 e5 2.Nf3 Nc6 3.Bc4 Nf6 4.d3 Be7 5.O-O O-O 6.Re1 d6 7.c3 Na5 8.Bb5 a6
9.Ba4 b5 10.Bc2 c5 11.Nbd2 Re8 12.Nf1 Bf8 13.h3 Nc6 14.Bg5 h6 15.Bh4 g5 16.Bg3 Bg7
17.Ne3 Be6 18.h4 Nh7 19.hxg5 hxg5 20.Nh2 Qf6 21.Nhg4 Qg6 22.Nf5 Ne7 23.d4 cxd4
24.Nxg7 Bxg4 25.Qxg4 Kxg7 26.cxd4 Nf6 27.Qf3 Nc6 28.dxe5 dxe5 29.Rad1 Nh5
30.Rd7 Rad8 31.Red1 Rxd7 32.Rxd7 Nxg3 33.Qxg3 Nd4 34.Bd1 Qf6 35.Bh5 Re7 36.Rd5 Qf4
37.Qxf4 gxf4 38.b4 f6 39.Rc5 Ra7 40.Bd1 Kg6 41.a4 bxa4 42.Bxa4 Rb7 43.Rc4 Kg5
44.f3 Ne2+ 45.Kf2 Ng3 46.Bc6 Rh7 47.Rc1 Rc7 48.Rc5 Rh7 49.Rc1 Rc7 50.Rc5  1/2-1/2

[Event "Bundesliga 2000-1"]
[Site "Bad Godesberg GER"]
[Date "2001.01.27"]
[Round "6"]
[White "Onischuk,Al"]
[Black "Dautov,R"]
[Result "1/2-1/2"]
[WhiteElo "2627"]
[BlackElo "2606"]

1.d4 Nf6 2.c4 e6 3.g3 d5 4.Nf3 Bb4+ 5.Bd2 Be7 6.Bg2 O-O 7.O-O c6 8.Qb3 Nbd7
9.Nc3 Nb6 10.c5 Nc4 11.Bf4 b6 12.Na4 Nd7 13.Qc3 bxc5 14.b3 Ncb6 15.Nxc5 Nxc5
16.dxc5 Nd7 17.Bd6 Bxd6 18.cxd6 Ba6 19.Rfc1 c5 20.b4 Rc8 21.e4 dxe4 22.Nd2 f5
23.Qb3 cxb4 24.Qxe6+ Kh8 25.Nb3 Nb6 26.Nd4 Rf6 27.Qe7 Rxd6 28.Qxd8+ Rdxd8
29.Nc6 Rd2 30.Nxb4 Bc4 31.Rc2 Rxc2 32.Nxc2 g6 33.f3 exf3 34.Bxf3 Kg7 35.Nd4 Kf6
36.Nc6 a6 37.Rd1 Ke6 38.Nd4+ Kf6 39.Nc6 Ke6 40.Nd8+ Ke5 41.Nc6+ Ke6 42.Nd8+ Kf6  1/2-1/2

[Event "Bundesliga 2000-1"]
[Site "Bad Godesberg GER"]
[Date "2001.01.28"]
[Round "7"]
[White "Lutz,C"]
[Black "Onischuk,Al"]
[Result "1/2-1/2"]
[WhiteElo "2595"]
[BlackElo "2627"]

1.e4 e5 2.Nf3 Nc6 3.Bb5 a6 4.Ba4 Nf6 5.O-O Be7 6.Re1 b5 7.Bb3 O-O 8.h3 Bb7
9.d3 Re8 10.a3 h6 11.Nc3 Bc5 12.Bd2 d6 13.a4 Nd4 14.Nxd4 exd4 15.Nd5 Nxd5
16.exd5 Qd7 17.axb5 Rxe1+ 18.Bxe1 axb5 19.Rxa8+ Bxa8 20.Qe2 Bb7 21.f3 f5
22.f4 Kf8 23.Kf1 Qe8 24.Qxe8+ Kxe8 25.Ba2 Bb6 26.b4 Kf7 27.Bh4 Kg6 28.Ke2 Bc8  1/2-1/2

[Event "Bundesliga 2000-1"]
[Site "Bremen GER"]
[Date "2001.02.17"]
[Round "8"]
[White "Khenkin,I"]
[Black "Onischuk,Al"]
[Result "1/2-1/2"]
[WhiteElo "2633"]
[BlackElo "2627"]

1.d4 Nf6 2.c4 e6 3.Nf3 b6 4.a3 Bb7 5.Nc3 g6 6.Bg5 Bg7 7.Qc2 h6 8.Bh4 Bxf3
9.gxf3 Nc6 10.O-O-O Ne7 11.e4 Nh5 12.Kb1 d6 13.Qd2 g5 14.Bg3 Ng6 15.h4 gxh4
16.f4 c5 17.f5 cxd4 18.Nb5 Nxg3 19.fxg3 exf5 20.exf5 Ne5 21.f6 Bxf6 22.gxh4 Kf8  1/2-1/2

[Event "Bundesliga 2000-1"]
[Site "Bremen GER"]
[Date "2001.02.18"]
[Round "9"]
[White "Onischuk,Al"]
[Black "Beliavsky,A"]
[Result "1/2-1/2"]
[WhiteElo "2627"]
[BlackElo "2654"]

1.d4 Nf6 2.c4 e6 3.Nc3 Bb4 4.Qc2 O-O 5.a3 Bxc3+ 6.Qxc3 b6 7.Bg5 Bb7 8.Nf3 d6
9.Nd2 Nbd7 10.f3 c5 11.e4 Re8 12.Be2 Nd5 13.Bxd8 Nxc3 14.bxc3 Raxd8 15.Kf2 f5
16.exf5 exf5 17.Rhe1 Nb8 18.d5 Nd7 19.f4 Nf6 20.a4 Re7 21.Bd3 Rxe1 22.Rxe1 Bc8
23.h3 Bd7 24.Ra1 a5 25.Rb1 Rb8 26.Nb3 Ra8 27.Nd2 Ra6 28.Bc2 Kf8 29.Rb2 Ke7
30.Nb1 g6 31.Na3 Kd8 32.Rb1 Kc7 33.Re1 Kd8 34.Kg3 Ra7 35.Kh4 h6 36.g4 fxg4
37.hxg4 g5+ 38.fxg5 hxg5+ 39.Kxg5 Nxg4 40.Rh1 Ne5 41.Nb5 Bxb5 42.cxb5 Rg7+
43.Kf4 Rg4+ 44.Kf5 Rg7 45.Kf4 Rg4+ 46.Kf5  1/2-1/2

[Event "Bundesliga 2000-1"]
[Site "Bremen GER"]
[Date "2001.03.31"]
[Round "12"]
[White "Schlindwein,R"]
[Black "Onischuk,Al"]
[Result "1/2-1/2"]
[WhiteElo "2441"]
[BlackElo "2658"]

1.e4 e5 2.Nf3 Nc6 3.Bb5 a6 4.Bxc6 dxc6 5.d4 exd4 6.Qxd4 Bg4 7.Qc3 Qf6 8.Ne5 Bh5
9.f4 Bd6 10.Nc4 Qe7 11.Nxd6+ cxd6 12.O-O Nf6 13.Nd2 O-O 14.h3 h6 15.f5 Rae8
16.g4 d5 17.gxh5 dxe4 18.Nc4 Nxh5 19.f6 Nxf6 20.Rxf6 gxf6 21.Bxh6 Kh7 22.Bxf8 Rxf8
23.Rf1 Rg8+ 24.Kh1 Rg6 25.Rf4 Qd7 26.Rh4+ Kg8 27.Ne3 Qd6 28.Qe1 Qd4 29.Nf5 Qd7
30.Qf1 Rg5 31.Rg4 Qd2 32.Rg2 Qd7 33.h4 Rg6 34.Qf2 Kh7 35.h5 Qd1+ 36.Qg1 Qxh5+
37.Qh2 Rh6 38.Nxh6 Qd1+ 39.Rg1 Qf3+ 40.Rg2  1/2-1/2

[Event "Bundesliga 2000-1"]
[Site "Bremen GER"]
[Date "2001.04.01"]
[Round "13"]
[White "Onischuk,Al"]
[Black "Balcerak,J"]
[Result "1-0"]
[WhiteElo "2658"]
[BlackElo "2431"]

1.d4 d5 2.c4 c6 3.Nf3 Nf6 4.e3 Bf5 5.Nc3 e6 6.Nh4 Be4 7.f3 Bg6 8.Qb3 Qb6
9.Qxb6 axb6 10.g4 Bd6 11.g5 Nfd7 12.cxd5 exd5 13.e4 dxe4 14.Nxe4 Bxe4 15.fxe4 g6
16.Nf3 c5 17.Be3 Nc6 18.O-O-O Ke7 19.Kb1 Rhd8 20.Bb5 Nxd4 21.Nxd4 cxd4 22.Bxd4 Be5
23.Be3 Nc5 24.Rd5 Rxd5 25.exd5 Kd6 26.Rf1 Rf8 27.Bc4 f5 28.gxf6 Rxf6 29.Rxf6+ Bxf6
30.Kc2 h5 31.b4 Nd7 32.Bb5 g5 33.Kd3 Be5 34.h3 Nf6 35.Bxb6 Kxd5 36.a4 g4
37.hxg4 Nxg4 38.a5 Bd6 39.Bc4+ Kc6 40.Kc3 Nf6 41.b5+ Kd7 42.a6 bxa6 43.bxa6 Bb8
44.a7 Bxa7 45.Bxa7 h4 46.Kd4  1-0

[Event "Karpov It"]
[Site "Poikovsky RUS"]
[Date "2001.05.01"]
[Round "1"]
[White "Onischuk,Al"]
[Black "Zvjaginsev,V"]
[Result "1-0"]
[WhiteElo "2658"]
[BlackElo "2627"]

1.d4 Nf6 2.c4 e6 3.g3 Bb4+ 4.Bd2 Bxd2+ 5.Nxd2 O-O 6.Bg2 Nc6 7.Ngf3 d6 8.O-O e5
9.d5 Ne7 10.e4 Ng4 11.c5 Ng6 12.Rc1 f5 13.exf5 Bxf5 14.Qb3 h6 15.Qxb7 Bd3
16.cxd6 cxd6 17.Rfe1 Rb8 18.Qxa7 Ra8 19.Qb7 Rb8 20.Qa7 Ra8 21.Qc7 Qxc7 22.Rxc7 Rxa2
23.Rc3 e4 24.Nxe4 Bxe4 25.Rxe4 N6e5 26.Re1 Rxb2 27.Nxe5 dxe5 28.f3 Nf6 29.Rd3 Rc8
30.d6 Rcc2 31.Bf1 Rd2 32.Rxe5 Rxd3 33.Bxd3 Rd2 34.Re3 Kf8 35.h4 g5 36.h5 Nd7
37.Kf1 Nc5 38.Bg6 Rxd6 39.Re8+ Kg7 40.Re7+ Kg8 41.Rh7 Rf6 42.Rxh6 Rxf3+ 43.Kg2 Rf6
44.Rh7 g4 45.Ra7 Ra6 46.Re7 Ne6 47.Bf5 Ng7 48.Bxg4 Kh7 49.Re5 Kh6 50.Kh3 Rb6
51.Kh4 Rb1 52.Bh3  1-0

[Event "Karpov It"]
[Site "Poikovsky RUS"]
[Date "2001.05.02"]
[Round "2"]
[White "Morovic Fernandez,I"]
[Black "Onischuk,Al"]
[Result "1/2-1/2"]
[WhiteElo "2565"]
[BlackElo "2658"]

1.e4 e5 2.Nf3 Nc6 3.Bb5 a6 4.Ba4 Nf6 5.O-O Be7 6.Re1 b5 7.Bb3 O-O 8.a4 b4
9.d3 d6 10.a5 Be6 11.Nbd2 Rb8 12.Bc4 Qc8 13.Qe2 Re8 14.Bxe6 Qxe6 15.Nb3 Bf8
16.Bg5 Nd7 17.Be3  1/2-1/2